Most Populous Cities in the Southeast. - Statistics

General Stats
  • This quiz has been taken 776 times
  • The average score is 18 of 25
Answer Stats
State Population Answer % Correct
Florida 408,750 Miami
99%
Georgia 432,427 Atlanta
96%
Florida 827,908 Jacksonville
95%
Louisiana 360,740 New Orleans
95%
Tennessee 609,644 Nashville
94%
Tennessee 652,050 Memphis
93%
Florida 346,037 Tampa
93%
North Carolina 751,087 Charlotte
92%
Florida 243,195 Orlando
90%
Kentucky 602,011 Louisville
89%
North Carolina 416,468 Raleigh
89%
Louisiana 230,139 Baton Rouge
84%
Virginia 205,533 Richmond
83%
Alabama 212,413 Birmingham
80%
Virginia 442,707 Virginia Beach
78%
Alabama 208,182 Montgomery
75%
Kentucky 301,569 Lexington
66%
North Carolina 233,252 Durham
63%
North Carolina 273,425 Greensboro
56%
Florida 244,997 St Petersburg
56%
Virginia 242,628 Norfolk
55%
North Carolina 232,385 Winston-Salem
47%
Florida 229,969 Hialeah
25%
Virginia 225,050 Chesapeake
24%
North Carolina 203,945 Fayetteville
24%
No matching quizzes found
Score Distribution
Percent of People with Each Score
Percentile by Number Answered
Your Score History
You have not taken this quiz